| 000 | 00561nam a22002297a 4500 | ||
|---|---|---|---|
| 003 | OSt | ||
| 005 | 20140310181745.0 | ||
| 008 | 130620t xxu||||| |||| 00| 0 eng d | ||
| 020 | _a187665913X | ||
| 050 |
_aBF 121 _b.W568 2006 |
||
| 082 |
_aIB 150 _bW56 2006 |
||
| 100 | _aWhetham, Paul. | ||
| 245 |
_aPsychology / _cPaul Whetham. |
||
| 260 |
_aAustralia: _bIBID Press, Victoria, _cc2006. |
||
| 300 |
_a434 p. : _bill. ; _c28 cm. |
||
| 942 |
_2lcc _cBK |
||
| 999 |
_c2938 _d2938 |
||